| 000 | 00813nam a22002177a 4500 | ||
|---|---|---|---|
| 003 | OSt | ||
| 005 | 20210318144158.0 | ||
| 008 | 210318s2005 yl abo|gr|||| 00| 0 spa d | ||
| 020 | _a1904668674 | ||
| 040 |
_aCO-JMCR _cCO-JMCR |
||
| 041 | 0 | _ayl | |
| 082 | 0 | 4 |
_a954.0099 / _bA425m _223 |
| 100 | 1 |
_aAllen, Charles, _eautor _936314 |
|
| 245 | 1 | 0 |
_aMaharajas : _bresonance from the past / _cCharles Allen |
| 260 |
_aSingapore : _bMercury Books London, _c2005 |
||
| 300 |
_a159 páginas : _bilustraciones y fotografĂas a color ; _c36 cm. |
||
| 505 | 0 | _aForeword -- King and Kingdoms -- The british Raj and princely States -- Lives of great men all remind us. -- Artistie patronage and regal Splendour | |
| 650 | 1 | 4 |
_aTradiciones _zIndia _936315 |
| 650 | 1 | 4 |
_aReyes y gobernantes _zIndia _936316 |
| 942 |
_2ddc _cBK |
||
| 999 |
_c15434 _d15434 |
||